La selección del personal comercial (Registro nro. 2595)

Detalles MARC
000 -LEADER
fixed length control field 01120 a2200205 4500
001 - CONTROL NUMBER
control field 35946
005 - DATE AND TIME OF LATEST TRANSACTION
control field 20260407155637.0
008 - FIXED-LENGTH DATA ELEMENTS--GENERAL INFORMATION
fixed length control field 260407a1964 arg spa d
003 - CONTROL NUMBER IDENTIFIER
control field AR-UNSa-BCEJYS
040 ## - CATALOGING SOURCE
Original cataloging agency AR-UNSa-BCEJYS
Language of cataloging spa
Transcribing agency AR-UNSa-BCEJYS
080 ## - UNIVERSAL DECIMAL CLASSIFICATION NUMBER
Universal Decimal Classification number 658.311
Common auxiliary subdivision Reclutamiento y selección de personal
100 1# - MAIN ENTRY--PERSONAL NAME
Personal name Gil Aluja, Jaime
245 10 - TITLE STATEMENT
Title La selección del personal comercial
Name of part/section of a work la entrevista de los candidatos
264 #1 - PRODUCTION, PUBLICATION, DISTRIBUTION, MANUFACTURE, AND COPYRIGHT NOTICE
Place of production, publication, distribution, manufacture Barcelona :
Name of producer, publisher, distributor, manufacturer Sagitario
Date of production, publication, distribution, manufacture, or copyright notice 1964
300 ## - PHYSICAL DESCRIPTION
Extent 164 p.
Dimensions 22 cm.
505 ## - FORMATTED CONTENTS NOTE
Formatted contents note 1. Finalidad de la entrevista de orientación - 2. Consideraciones metodológicas - 3. Los entrevistadores - 4. Valor de la entrevista - 4. Introducción al estudio experimental - 5. Condiciones experimentales comunes a las experiencias - 6. Organización de la primera experiencia - 7. Resultados de la primera experiencia - 8. Conclusiones del primer estudio experimental - 9. Organización de la segunda experiencia - 10. Aplicación de método - 11. Ventajas adquiridas gracias al nuevo método de entrevista.
590 ## - LOCAL NOTE (RLIN)
Local note niveau_biblio:m niveau_hierar:0
700 1# - ADDED ENTRY--PERSONAL NAME
Personal name Lavoëgie, M.S.
942 ## - ADDED ENTRY ELEMENTS (KOHA)
Koha item type
Existencias
Withdrawn status Lost status Damaged status Not for loan Home library Current library Shelving location Date acquired Total checkouts Full call number Barcode Date last seen Price effective from Koha item type
        Biblioteca Prof. Eusebio Cleto del Rey Biblioteca Prof. Eusebio Cleto del Rey   07/04/2026   658.311 L414 L23888 07/04/2026 07/04/2026 Libro